serun
ՀԱՅ ԳԻՐՔ = Armenian Book

Արցախ. Պատերազմ. Զինադադար : (Record no. 165188)

000 -LEADER
fixed length control field nam a22 a 4500
003 - CONTROL NUMBER IDENTIFIER
control field AM-YeNLA
005 - DATE AND TIME OF LATEST TRANSACTION
control field 20251029151947.0
007 - PHYSICAL DESCRIPTION FIXED FIELD--GENERAL INFORMATION
fixed length control field ta
008 - FIXED-LENGTH DATA ELEMENTS--GENERAL INFORMATION
fixed length control field 251029s2001 ai o|||gr|||||000|0|arm||
040 ## - CATALOGING SOURCE
Language of cataloging arm
Transcribing agency AM-YeNLA
041 0# - LANGUAGE CODE
Language code of text/sound track or separate title arm
100 1# - MAIN ENTRY--PERSONAL NAME
Personal name Պետրոսյան, Ռազմիկ Արշակի
245 10 - TITLE STATEMENT
Title Արցախ. Պատերազմ. Զինադադար :
Remainder of title Հուշեր Արցախյան շարժման եւ ազատագրական պատերազմի մասին /
Statement of responsibility, etc. Ռ. Պետրոսյան.
260 ## - PUBLICATION, DISTRIBUTION, ETC. (IMPRINT)
Place of publication, distribution, etc. Երևան :
Name of publisher, distributor, etc. Ամարաս,
Date of publication, distribution, etc. 2001.
300 ## - PHYSICAL DESCRIPTION
Extent 274 էջ :
Other physical details լուսանկար ;
Dimensions 21 սմ.
630 04 - SUBJECT ADDED ENTRY--UNIFORM TITLE
9 (RLIN) 38559
Uniform title Հայոց պատմություն
Chronological subdivision 1988-
650 14 - SUBJECT ADDED ENTRY--TOPICAL TERM
Topical term or geographic name as entry element Անկախության շարժումներ
650 14 - SUBJECT ADDED ENTRY--TOPICAL TERM
Topical term or geographic name as entry element Հայ հուշագրություն
650 14 - SUBJECT ADDED ENTRY--TOPICAL TERM
9 (RLIN) 23610
Topical term or geographic name as entry element Արցախյան շարժում, 1988-1990
650 14 - SUBJECT ADDED ENTRY--TOPICAL TERM
Topical term or geographic name as entry element Արցախ
General subdivision Պատմություն
650 14 - SUBJECT ADDED ENTRY--TOPICAL TERM
Topical term or geographic name as entry element Հայ ժողովրդի պատմություն
General subdivision Ազգային-ազատագրական պայքար
650 14 - SUBJECT ADDED ENTRY--TOPICAL TERM
Topical term or geographic name as entry element Արցախյան գոյամարտ
653 0# - INDEX TERM--UNCONTROLLED
Uncontrolled term Արցախյան գոյամարտ
653 0# - INDEX TERM--UNCONTROLLED
Uncontrolled term Արցախյան շարժում
942 ## - ADDED ENTRY ELEMENTS (KOHA)
Source of classification or shelving scheme
Koha item type Books
Holdings
Withdrawn status Lost status Source of classification or shelving scheme Damaged status Not for loan Permanent Location Current Location Date acquired Inventory number Date last seen Price effective from Koha item type
          National Library of Armenia National Library of Armenia 2025-10-29 ՀԱԳ 2025-10-29 2025-10-29 Books

Հայաստանի ազգային գրադարան ՀՀ, 0009,Երևան, Տերյան 72
Հետադարձ կապ